00146nam a2200061Ia 4500008004100000050001900041245002400060230915s9999 xx 000 0 und d aT385 .A36 2004 0aCLASSROOM IN A BOOK